Pretty little liars personnages - Statistiques

Statistiques générales
  • Ce quiz a été pris 616 fois
  • Le résultat moyen est 28 sur 69
Statistiques - réponses
ANSWER % Correct
Aria
99%
Spencer
98%
Alison
96%
Emily
96%
Hanna
96%
Toby
89%
Caleb
88%
Ezra
86%
Mona
86%
Ella
76%
Ashley
75%
Mike
74%
Jenna
73%
Melissa
73%
Jason
72%
Paige
69%
Byron
67%
Pam
66%
Veronica
66%
Peter
59%
Tom
57%
Alex
56%
Charlotte
56%
Ian
56%
Noel
56%
Wren
55%
Lucas
51%
Mary
49%
Sean
46%
Garrett
42%
Wayne
41%
Darren
36%
Kenneth
33%
Kate
30%
Samara
30%
Maggie
27%
Ted
27%
Jackie
26%
Sydney
25%
Nate
24%
Meredith
23%
Jake
22%
Linda tanner
22%
Shana
22%
Travis
22%
Gabriel Holbrook
18%
Holden
17%
Liam
17%
Jordan
16%
Sabrina
16%
Andrew
15%
Isabelle
15%
Nicole
15%
Talia
15%
Yvonne
15%
Marco
14%
zack
13%
Anne sullivan
9%
Sara harvey
9%
Addison
8%
Hackett
5%
jonny
5%
Barry
4%
Cindy
4%
Elliot rollins
4%
Clark
3%
Carla Grunwald
2%
Lorenzo calderon
2%
Mindy
2%
Aucun quiz correspondant
Distribution des résultats
% des personnes avec chaque résultat
Percentile par nombre de réponses
Votre historique - résultats
Vous n’avez pas pris ce quiz